书目信息 |
| 题名: |
素描石膏
|
|
| 作者: | 陈世和 著 | |
| 分册: | ||
| 出版信息: | 天津 天津人民美术出版社 2000.01 |
|
| 页数: | 31页 | |
| 开本: | 16开 | |
| 丛书名: | ||
| 单 册: | ||
| 中图分类: | J214 | |
| 科图分类: | ||
| 主题词: | 绘画--技法(美术) | |
| 电子资源: | ||
| ISBN: | 7-5305-1164-5 | |
| 000 | 00533nam0 2200193 45 | |
| 001 | 0008211611 | |
| 005 | 20000821163041.5 | |
| 010 | @a7-5305-1164-5@d13.40元 | |
| 100 | @a20000821d2000 km y0chiy0120 ea | |
| 101 | 0 | @achi |
| 105 | @a z 000yy | |
| 200 | 1 | @a素描石膏@ASu Miao Shi Gao@f陈世和著@FChen Shi He Zhu |
| 210 | @a天津@c天津人民美术出版社@d2000.01 | |
| 215 | @a31页@d16开 | |
| 606 | 0 | @a绘画@x技法(美术) |
| 690 | @aJ214@v3 | |
| 701 | 0 | @a陈世和@4著 |
| 801 | @aCN@bPftUser@c20000821 | |
| 905 | @b113519-523@dJ214@eCH305@f5 | |
| 素描石膏/陈世和著.-天津:天津人民美术出版社,2000.01 |
| 31页;16开 |
| ISBN 7-5305-1164-5:13.40元 |
| ● |
| 相关链接 |
|
|
|
正题名:素描石膏
索取号:J214/CH305
 
预约/预借
| 序号 | 登录号 | 条形码 | 馆藏地/架位号 | 状态 | 备注 |
| 1 | 113519 | 201135191 | 自科二线404/309社科库 70排1列5层/ [索取号:J214/CH305] | 在馆 | |
| 2 | 113520 | 201135208 | 自科二线404/309社科库 70排1列5层/ [索取号:J214/CH305] | 在馆 | |
| 3 | 113521 | 201135217 | 自科二线404/309社科库 70排1列5层/ [索取号:J214/CH305] | 在馆 | |
| 4 | 113522 | 201135226 | 自科二线404/309社科库 70排1列5层/ [索取号:J214/CH305] | 在馆 | |
| 5 | 113523 | 201135235 | 自科二线404/309社科库 70排1列5层/ [索取号:J214/CH305] | 在馆 |